[Event "16th ch-EUR Indiv w 2015"]
[Site "Chakvi GEO"]
[Date "2015.05.23"]
[Round "5.43"]
[White "Hairapetian, Anna"]
[Black "Gavasheli, Ana"]
[Result "1/2-1/2"]
[WhiteTitle "WIM"]
[BlackTitle "WIM"]
[WhiteElo "2192"]
[BlackElo "2122"]
[WhiteFideId "13303554"]
[BlackFideId "13602586"]
[EventDate "2015.05.19"]

1. e4 e5 2. Nf3 Nc6 3. Bb5 Nf6 4. O-O Nxe4 5. d4 Nd6 6. Bxc6 dxc6 7. dxe5 Nf5 8.
Qxd8+ Kxd8 9. Rd1+ Ke8 10. Nc3 Be7 11. Bf4 h6 12. h3 Be6 13. Ne4 Rd8 14. b3
Rxd1+ 15. Rxd1 Bd5 16. Ned2 Bb4 17. g4 Bxd2 18. Rxd2 Bxf3 19. gxf5 Ke7 20. Bg3
g5 21. e6 fxe6 22. Be5 Rf8 23. f6+ Ke8 24. Kh2 Rf7 25. Kg3 Bh5 26. f4 Rd7 27.
Rxd7 Kxd7 28. Bd4 a6 29. c4 Ke8 30. Be3 Kf7 31. fxg5 hxg5 32. Bxg5 e5 33. Kf2
Ke6 34. Ke3 Bg6 35. b4 Bh5 36. a3 Bf7 37. Ke4 Bg6+ 38. Ke3 1/2-1/2

[Event "16th ch-EUR Indiv w 2015"]
[Site "Chakvi GEO"]
[Date "2015.05.23"]
[Round "5.44"]
[White "Kasoshvili, Tsiala"]
[Black "Lomaia, Diana"]
[Result "1-0"]
[WhiteTitle "WIM"]
[WhiteElo "2179"]
[BlackElo "1449"]
[WhiteFideId "13600354"]
[BlackFideId "13612476"]
[EventDate "2015.05.19"]

1. d4 Nf6 2. c4 g6 3. Nf3 c5 4. d5 d6 5. Nc3 Bg7 6. e4 O-O 7. h3 Nbd7 8. Bd3 a6
9. O-O Rb8 10. Qe2 Qc7 11. Bg5 h6 12. Bd2 Kh7 13. Rab1 Nh5 14. Rfe1 Ne5 15. Nxe5
Bxe5 16. Qf3 Bd7 17. Ne2 b5 18. b4 bxc4 19. Bxc4 cxb4 20. Bxa6 Qc2 21. Bxb4 Qa4
22. Qa3 Rxb4 23. Qxb4 Qxa6 24. Qb7 Qxb7 25. Rxb7 Rd8 26. Rc1 Bf6 27. g4 Ng7 28.
f4 Ba4 29. Kf2 Ra8 30. e5 dxe5 31. fxe5 Bh4+ 32. Kf3 Be8 33. Rc2 Ra3+ 34. Rb3
Ra5 35. Rd3 f5 36. Nc1 Bg5 37. Nb3 Ra4 38. Rd4 Ra6 39. Rb4 Kg8 40. Rb8 Kf7 41.
Nc5 Ra3+ 42. Rb3 Rxb3+ 43. Nxb3 Bb5 44. Rc3 h5 45. Nd4 Bf1 46. Kf2 Ba6 47. Nf3
Bf4 48. g5 Ne8 49. h4 Kg7 50. a4 Kf7 51. a5 Bb5 52. Rb3 Ba6 53. Rc3 Bb5 54. Rb3
Nc7 55. Nd4 Ba6 56. e6+ Kg7 57. Rb6 Bd6 58. Nb3 Bc4 59. Ke1 Nxd5 60. Rb7 Bxb3
61. Rxb3 Bb4+ 62. Kf2 Bxa5 63. Rb5 Bb6+ 64. Kf3 Bc7 65. Rxd5 Bd6 66. Ra5 Bb4 67.
Ra7 Bc5 68. Rb7 Ba3 69. Rc7 Bd6 70. Rc8 Bb4 71. Rc4 Bd6 72. Rc3 Be5 73. Rb3 Bd6
74. Ke2 Bc7 75. Rf3 Be5 76. Kd3 Bc7 77. Kc4 Be5 78. Kd5 Bd6 79. Kc6 Kf8 80. Kd7
Bb4 81. Rb3 Bd6 82. Rc3 Kg7 83. Ke8 Be5 84. Rb3 Bd6 85. Rd3 Bc5 86. Kd7 Bf2 87.
Rb3 Bc5 88. Rf3 Bd6 89. Kc6 Bb4 90. Rd3 Kf8 91. Rd8+ Kg7 92. Rd4 Ba3 93. Kb5 Bd6
94. Rxd6 exd6 95. Kc6 1-0

[Event "16th ch-EUR Indiv w 2015"]
[Site "Chakvi GEO"]
[Date "2015.05.23"]
[Round "5.45"]
[White "Topel, Zehra"]
[Black "Choladze, Mariam"]
[Result "0-1"]
[WhiteTitle "WIM"]
[WhiteElo "2179"]
[BlackElo "1989"]
[WhiteFideId "6302661"]
[BlackFideId "13600931"]
[EventDate "2015.05.19"]

1. d4 Nf6 2. c4 e6 3. Nf3 b6 4. g3 Ba6 5. b3 Bb4+ 6. Bd2 Be7 7. Bg2 c6 8. O-O d5
9. Ne5 Nfd7 10. Qc2 Nxe5 11. dxe5 Nd7 12. f4 O-O 13. Bc3 Rc8 14. Nd2 b5 15. Kh1
Nb6 16. f5 exf5 17. Rxf5 bxc4 18. Raf1 d4 19. Ba5 cxb3 20. Qxb3 Bxe2 21. R1f2
Bg4 22. Rxf7 Kh8 23. Rxf8+ Bxf8 24. Qf7 Be7 25. Rf4 Be2 26. Be4 Bg5 27. Rf2 d3
28. e6 Qg8 29. Bc3 Nd5 30. Bxd5 cxd5 31. e7 Bh6 32. Qf8 Bg4 33. Bb4 Bd7 34. Bc3
Bh3 35. Qxc8 Bxc8 36. Rf8 Bd7 37. h4 Be3 38. Bb4 h5 39. Nf3 d4 40. Ne5 Be8 41.
Nxd3 g5 42. Kg2 Bc6+ 43. Kf1 gxh4 44. gxh4 Bb5 45. Ke2 Kh7 46. Rxg8 Kxg8 47. Kf3
Kf7 48. Ne5+ Ke6 49. Ke4 Bf2 50. Nf3 Bc6+ 51. Kd3 Kd5 52. Bd2 Bb5+ 53. Kc2 Be3
54. Be1 d3+ 55. Kc3 Bc5 56. e8=Q Bxe8 57. Kxd3 Bb5+ 58. Kc3 Ke4 59. Nd2+ Kf4 60.
Nb3 Be7 61. Nd4 Bd7 62. Bf2 a6 63. Nb3 Kf3 64. Bd4 Bxh4 0-1

[Event "16th ch-EUR Indiv w 2015"]
[Site "Chakvi GEO"]
[Date "2015.05.23"]
[Round "5.46"]
[White "Ivanova, Tatiana"]
[Black "Martynkova, Olena"]
[Result "1-0"]
[BlackTitle "WFM"]
[WhiteElo "2121"]
[BlackElo "2165"]
[WhiteFideId "4109724"]
[BlackFideId "14134039"]
[EventDate "2015.05.19"]

1. d4 Nf6 2. Nf3 g6 3. Bg5 Bg7 4. Nbd2 d5 5. e3 O-O 6. Bd3 c5 7. c3 Qb6 8. Rb1
Nc6 9. O-O Re8 10. a4 e5 11. dxe5 Nxe5 12. Nxe5 Rxe5 13. Bf4 Re8 14. h3 Bd7 15.
Re1 Rad8 16. Bg5 h6 17. Bh4 Rc8 18. Bc2 Be6 19. Qf3 Nd7 20. Qe2 d4 21. Nc4 Qc6
22. Bg3 Bxc4 23. Qxc4 Nb6 24. Qa2 dxc3 25. bxc3 Bxc3 26. Red1 Red8 27. a5 Na8
28. Qc4 Bg7 29. Be4 Rxd1+ 30. Rxd1 b5 31. Qc2 Qa6 32. Qa2 Qf6 33. Qd5 c4 34.
Qxb5 c3 35. Qd7 Qe6 36. Qb7 Re8 37. Bc2 Qc8 38. Qd5 Nc7 39. Bxc7 Qxc7 40. Bxg6
Bf6 41. Bc2 Rd8 42. Qf5 Rxd1+ 43. Bxd1 Bg7 44. Bc2 Qd8 45. a6 Qc7 46. Qh7+ Kf8
47. Qe4 Kg8 48. Bb3 Be5 49. f4 Bg7 50. Qe8+ Bf8 51. Qe4 Qb6 52. Bc2 Bg7 53. Qh7+
Kf8 54. Qd3 Bf6 55. Kf2 Bh4+ 56. Kf3 Bf6 57. e4 Bd4 58. Qc4 Qb2 59. Qd3 Qc1 60.
e5 Qg1 61. Ke4 Bb6 62. Qe2 Qd4+ 63. Kf3 Qg1 64. Kg4 Qd4 65. Qe4 Qd2 66. g3 Qf2
67. Qd3 Bd4 68. Bb3 Kg7 69. Qf5 Qe2+ 70. Kh4 f6 71. Qxf6+ Kh7 72. Qf7+ 1-0

[Event "16th ch-EUR Indiv w 2015"]
[Site "Chakvi GEO"]
[Date "2015.05.23"]
[Round "5.47"]
[White "Bokuchava, Madona"]
[Black "Jibuti, Nata"]
[Result "1-0"]
[WhiteTitle "WFM"]
[BlackTitle "WFM"]
[WhiteElo "2063"]
[BlackElo "1694"]
[WhiteFideId "13603663"]
[BlackFideId "13603094"]
[EventDate "2015.05.19"]

1. d4 Nf6 2. Nf3 e6 3. c4 Bb4+ 4. Nbd2 b6 5. a3 Bxd2+ 6. Bxd2 Bb7 7. Bg5 O-O 8.
e3 d5 9. Rc1 Nbd7 10. cxd5 Bxd5 11. Bd3 h6 12. Bh4 Qc8 13. b4 Qb7 14. O-O Ne4
15. Qa4 Nb8 16. Qc2 g5 17. Bg3 Nxg3 18. fxg3 f5 19. Qxc7 Rf7 20. Qxb7 Bxb7 21.
Ne5 Re7 22. g4 fxg4 23. Rf6 Rg7 24. Bc4 Na6 25. Bxe6+ Kh7 26. Nxg4 Re7 27. Bf5+
Kg7 28. Rg6+ 1-0

[Event "16th ch-EUR Indiv w 2015"]
[Site "Chakvi GEO"]
[Date "2015.05.23"]
[Round "5.48"]
[White "Chanturia, Tamar"]
[Black "Soyunlu, Narmin"]
[Result "0-1"]
[WhiteElo "1688"]
[BlackElo "1891"]
[WhiteFideId "13603175"]
[BlackFideId "13400843"]
[EventDate "2015.05.19"]

1. Nf3 c5 2. b3 Nc6 3. Bb2 e6 4. e3 Nf6 5. Bb5 Be7 6. O-O Qc7 7. d3 O-O 8. Bxc6
Qxc6 9. Nbd2 d6 10. e4 b6 11. e5 Nd5 12. Ne4 Bb7 13. exd6 Bxd6 14. Nxd6 Qxd6 15.
Re1 f6 16. Nd2 Nf4 17. Ne4 Qc6 18. Qg4 e5 19. Qg3 Rad8 20. Bc1 f5 21. Bxf4 exf4
22. Qxf4 fxe4 23. Qxe4 Rde8 24. Qc4+ Qd5 25. Qg4 Qd4 26. Qg3 Re2 0-1

[Event "16th ch-EUR Indiv w 2015"]
[Site "Chakvi GEO"]
[Date "2015.05.24"]
[Round "6.1"]
[White "Batsiashvili, Nino"]
[Black "Sandu, Mihaela"]
[Result "1-0"]
[WhiteTitle "IM"]
[BlackTitle "WGM"]
[WhiteElo "2473"]
[BlackElo "2300"]
[WhiteFideId "13602993"]
[BlackFideId "1204327"]
[EventDate "2015.05.19"]

1. d4 Nf6 2. c4 g6 3. Nf3 Bg7 4. g3 O-O 5. Bg2 d6 6. O-O Nc6 7. Nc3 a6 8. Bf4
Bd7 9. Rc1 Re8 10. d5 Na5 11. Qd3 c5 12. e4 b5 13. b3 bxc4 14. bxc4 Rb8 15. h3
Nh5 16. Be3 e5 17. dxe6 Bxe6 18. Nd5 Nc6 19. Rfd1 Qa5 20. g4 Nf6 21. Nxf6+ Bxf6
22. Qxd6 Rec8 23. e5 Bg7 24. Bf4 h6 25. Qd2 Qa4 26. Qe2 Rd8 27. Rd6 Rdc8 28. Bf1
Qa3 29. Qd3 Qxd3 30. Rxd3 g5 31. Bg3 Rb2 32. a3 a5 33. Re3 a4 34. Bd3 Na5 35.
Bf5 Rd8 36. Bxe6 fxe6 37. h4 Nb3 38. Rcc3 Nd4 39. Kg2 Ne2 40. Rcd3 Rxd3 41. Rxd3
Nxg3 42. Kxg3 gxh4+ 43. Kxh4 Rxf2 44. Kh5 Rc2 45. g5 hxg5 46. Rd8+ Kf7 47. Ra8
Bxe5 48. Nxe5+ Kf6 49. Ng4+ Ke7 50. Rxa4 Rc1 51. Kxg5 Rf1 52. Ra7+ Kd6 53. Ra6+
Ke7 54. Kh4 Rf4 55. Ra4 Rf3 56. Nh2 Rc3 57. Kg4 e5 58. Kf5 Kd6 59. Ke4 Rc2 60.
Ng4 Re2+ 61. Ne3 Re1 62. Ra6+ Kd7 63. a4 Kc7 64. a5 Kb7 65. Re6 1-0

[Event "16th ch-EUR Indiv w 2015"]
[Site "Chakvi GEO"]
[Date "2015.05.24"]
[Round "6.2"]
[White "Savina, Anastasia"]
[Black "Girya, Olga"]
[Result "1/2-1/2"]
[WhiteTitle "IM"]
[BlackTitle "WGM"]
[WhiteElo "2417"]
[BlackElo "2479"]
[WhiteFideId "4196872"]
[BlackFideId "4195752"]
[EventDate "2015.05.19"]

1. Nf3 d5 2. g3 c5 3. Bg2 g6 4. c4 d4 5. b4 cxb4 6. a3 bxa3 7. d3 Bg7 8. O-O Nc6
9. Nxa3 Nh6 10. Bf4 O-O 11. Qc1 Nf5 12. c5 e5 13. Bg5 f6 14. Bd2 Be6 15. Nc4 Qd7
16. Qc2 g5 17. Rfb1 g4 18. Nh4 Nxh4 19. gxh4 f5 20. Nd6 Rab8 21. Qa4 e4 22. dxe4
f4 23. Nf5 Bxf5 24. exf5 f3 25. exf3 Qxf5 26. Qc4+ Kh8 27. f4 Ne5 28. fxe5 Qxf2+
29. Kh1 Qxd2 30. Qd5 d3 31. Rd1 Qf4 32. Qe4 Qxe4 33. Bxe4 Bxe5 34. Rxa7 Rf2 35.
Rxd3 Re2 36. Bxb7 Rf8 37. Ra8 Re1+ 38. Kg2 Re2+ 39. Kh1 Bb8 40. Rd1 Rxh2+ 41.
Kg1 Rc2 42. Be4 Rxc5 43. Rd7 Rc1+ 44. Kg2 Rc3 45. Rxh7+ Kg8 46. Rb7 Rg3+ 47. Kh1
Rh3+ 48. Kg2 Rg3+ 49. Kh1 Rf1+ 50. Kh2 Rf2+ 51. Kh1 Rf1+ 1/2-1/2

[Event "16th ch-EUR Indiv w 2015"]
[Site "Chakvi GEO"]
[Date "2015.05.24"]
[Round "6.3"]
[White "Bodnaruk, Anastasia"]
[Black "Hoang, Thanh Trang"]
[Result "1/2-1/2"]
[WhiteTitle "IM"]
[BlackTitle "GM"]
[WhiteElo "2402"]
[BlackElo "2472"]
[WhiteFideId "4181751"]
[BlackFideId "12400149"]
[EventDate "2015.05.19"]

1. e4 e6 2. d4 d5 3. Nc3 Nf6 4. e5 Nfd7 5. f4 c5 6. Nf3 Nc6 7. Be3 cxd4 8. Nxd4
Bc5 9. Qd2 O-O 10. O-O-O a6 11. Nb3 Bb4 12. Bd3 b5 13. Rhf1 Nb6 14. Qe1 Nc4 15.
Bg1 Bd7 16. Rf3 g6 17. g4 a5 18. a3 Be7 19. Nc5 Rb8 20. Rh3 Qc8 21. Nxd7 Qxd7
22. Bxc4 bxc4 23. f5 Qb7 24. Na4 exf5 25. gxf5 Rfe8 26. Qd2 Bf8 27. Bc5 Bxc5 28.
fxg6 Rxe5 29. gxf7+ Qxf7 30. Nxc5 Kh8 31. Rh6 Rc8 32. Kb1 d4 33. Na4 c3 34. Qg2
Qg7 35. Qxg7+ Kxg7 36. Rd6 Rb5 37. b3 Rc7 38. Rg1+ Kh8 39. h4 Rb8 40. Nc5 Rd8
41. Rxd8+ Nxd8 42. Rg5 Rg7 43. Rd5 Nc6 44. Rd6 Ne5 45. Rxd4 Rg1+ 46. Ka2 Rg2 47.
b4 axb4 48. Rxb4 Rxc2+ 49. Kb3 Rc1 50. Re4 Nf3 51. Re8+ Kg7 52. Nd3 Ra1 53. Ra8
Nxh4 1/2-1/2

[Event "16th ch-EUR Indiv w 2015"]
[Site "Chakvi GEO"]
[Date "2015.05.24"]
[Round "6.4"]
[White "Guseva, Marina"]
[Black "Zhukova, Natalia"]
[Result "1/2-1/2"]
[WhiteTitle "IM"]
[BlackTitle "GM"]
[WhiteElo "2391"]
[BlackElo "2456"]
[WhiteFideId "4149351"]
[BlackFideId "14101513"]
[EventDate "2015.05.19"]

1. d4 Nf6 2. c4 c5 3. d5 b5 4. cxb5 a6 5. e3 g6 6. Nc3 Bg7 7. a4 Bb7 8. e4 e6 9.
bxa6 Nxa6 10. Bc4 O-O 11. Nge2 exd5 12. exd5 Ng4 13. Bf4 Ne5 14. Bb5 Nc7 15. O-O
Ra5 16. Rb1 Qa8 17. Bxe5 Bxe5 18. Bc4 Ne8 19. Qd3 Nd6 20. b3 Ba6 21. Bxa6 Qxa6
22. Qxa6 Rxa6 23. b4 cxb4 24. Rxb4 Rc8 25. Rb3 Rc4 26. g3 Ne4 27. Nxe4 Rxe4 28.
Nc3 Bxc3 29. Rxc3 Rd4 30. Ra1 Rxd5 31. Rc4 Kg7 32. Ra2 g5 33. h4 h6 34. Kg2 Kg6
35. Kh3 f5 36. Rb2 Rda5 37. hxg5 hxg5 38. Rd4 Rxa4 39. Rxd7 Ra2 40. Rxa2 Rxa2
41. Kg2 1/2-1/2

[Event "16th ch-EUR Indiv w 2015"]
[Site "Chakvi GEO"]
[Date "2015.05.24"]
[Round "6.7"]
[White "Javakhishvili, Lela"]
[Black "Gaponenko, Inna"]
[Result "1/2-1/2"]
[WhiteTitle "IM"]
[BlackTitle "IM"]
[WhiteElo "2472"]
[BlackElo "2391"]
[WhiteFideId "13601458"]
[BlackFideId "14101181"]
[EventDate "2015.05.19"]

1. d4 g6 2. c4 Nf6 3. Nc3 Bg7 4. e4 d6 5. Nf3 O-O 6. h3 e5 7. d5 Nh5 8. g3 f5 9.
exf5 gxf5 10. Nh4 Nf6 11. Bd3 e4 12. Be2 Nfd7 13. f4 exf3 14. Nxf3 Ne5 15. Bf4
Nxf3+ 16. Bxf3 Nd7 17. Qd2 Ne5 18. Be2 a6 19. O-O Bd7 20. Rf2 Ng6 21. Bg5 Bf6
22. Bh6 Bg7 23. Bg5 Bf6 24. Bh6 Bg7 25. Bg5 1/2-1/2

[Event "16th ch-EUR Indiv w 2015"]
[Site "Chakvi GEO"]
[Date "2015.05.24"]
[Round "6.8"]
[White "Kashlinskaya, Alina"]
[Black "Socko, Monika"]
[Result "1/2-1/2"]
[WhiteTitle "IM"]
[BlackTitle "GM"]
[WhiteElo "2423"]
[BlackElo "2467"]
[WhiteFideId "4198026"]
[BlackFideId "1106619"]
[EventDate "2015.05.19"]

1. d4 Nf6 2. c4 e6 3. Nc3 c5 4. d5 exd5 5. cxd5 d6 6. e4 g6 7. f4 Bg7 8. Bb5+
Nfd7 9. Nf3 O-O 10. O-O Na6 11. f5 Nc7 12. Bxd7 Bxd7 13. Bf4 Nb5 14. Ne2 Re8 15.
fxg6 fxg6 16. Bg5 Qb6 17. a4 Nd4 18. Nexd4 cxd4 19. a5 Qb4 20. Bd2 Qb5 21. Qe1
Bf5 22. Ng5 h6 23. Rxf5 gxf5 24. Ne6 Rxe6 25. dxe6 Re8 26. exf5 Qxf5 27. Qg3
Rxe6 28. Rf1 Qg6 29. Qb3 Kh7 30. Qxb7 Re2 31. Rf2 Qb1+ 32. Rf1 Qc2 33. Bb4 Qxb2
34. Qf3 Re6 35. Qd3+ Rg6 36. Bd2 Qb7 37. Rf3 d5 38. Rg3 Qa6 39. Qb1 Qe6 40. Rxg6
Qxg6 41. Qxg6+ Kxg6 42. Kf2 Kf5 43. Kf3 h5 44. h3 a6 45. g4+ hxg4+ 46. hxg4+ Ke5
47. Bf4+ Ke6 1/2-1/2

[Event "16th ch-EUR Indiv w 2015"]
[Site "Chakvi GEO"]
[Date "2015.05.24"]
[Round "6.9"]
[White "Melia, Salome"]
[Black "Charochkina, Daria"]
[Result "1-0"]
[WhiteTitle "IM"]
[BlackTitle "WGM"]
[WhiteElo "2452"]
[BlackElo "2391"]
[WhiteFideId "13602446"]
[BlackFideId "4180917"]
[EventDate "2015.05.19"]

1. e4 d6 2. d4 Nf6 3. Nc3 g6 4. Nf3 Bg7 5. Be2 O-O 6. O-O a6 7. Re1 Nc6 8. Be3
e6 9. h3 b5 10. a3 Bb7 11. Qd2 Ne7 12. Bd3 Nd7 13. Rad1 c5 14. dxc5 Nxc5 15. Bh6
Qc7 16. Bxg7 Kxg7 17. Bf1 Rad8 18. b4 Nd7 19. Qxd6 Qxc3 20. Qxe7 Rfe8 21. Qh4
Qxa3 22. Ne5 Nxe5 23. Rxd8 Rxd8 24. Qxd8 Qxb4 25. Re3 Qc5 26. c3 f6 27. Qd4 Qc7
28. Re1 g5 29. Rd1 Kf7 30. Be2 Ke7 31. Qb4+ Kf7 32. Bh5+ Kg7 33. Be8 a5 34. Qd4
b4 35. cxb4 Qe7 36. Ba4 axb4 37. Rb1 Bc8 38. Rxb4 Qc7 39. Rb1 Ba6 40. Bb3 Bc8
41. Ra1 Kg6 42. Rd1 Qb7 43. Ba4 Kg7 44. Rc1 Nf7 45. Qc5 Bd7 46. Bxd7 Qxd7 47.
Ra1 Kg6 48. Ra8 Qd1+ 49. Kh2 Qd6+ 50. Qxd6 Nxd6 51. e5 fxe5 52. Ra6 Ne4 53. f3
Nf6 54. Rxe6 Kf5 55. Re7 e4 56. fxe4+ Nxe4 57. Rxh7 g4 58. Rf7+ Kg6 59. Rf4 g3+
60. Kg1 Nf6 61. Kf1 Nh5 62. Ra4 1-0

[Event "16th ch-EUR Indiv w 2015"]
[Site "Chakvi GEO"]
[Date "2015.05.24"]
[Round "6.10"]
[White "Arabidze, Meri"]
[Black "Khurtsidze, Nino"]
[Result "1-0"]
[WhiteTitle "IM"]
[BlackTitle "IM"]
[WhiteElo "2403"]
[BlackElo "2451"]
[WhiteFideId "13604040"]
[BlackFideId "13600320"]
[EventDate "2015.05.19"]

1. d4 Nf6 2. c4 e6 3. Nf3 d5 4. Nc3 Bb4 5. Bg5 c5 6. cxd5 exd5 7. e3 O-O 8. Be2
h6 9. Bh4 Bf5 10. O-O Bxc3 11. bxc3 c4 12. Nd2 Nbd7 13. Qc1 Qa5 14. f3 g5 15.
Bg3 Nb6 16. Be5 Nfd7 17. Bd6 Rfe8 18. e4 Bg6 19. e5 Nc8 20. Ba3 Qb6 21. Kh1 f6
22. f4 gxf4 23. Bg4 Qd8 24. Nf3 fxe5 25. Bxd7 Qxd7 26. Nxe5 Qe6 27. Rxf4 Kh7 28.
Qf1 Rg8 29. Rf6 Qe8 30. Nxg6 Rxg6 31. Rf7+ Rg7 32. Qf5+ Kg8 33. Rf8+ 1-0

[Event "16th ch-EUR Indiv w 2015"]
[Site "Chakvi GEO"]
[Date "2015.05.24"]
[Round "6.11"]
[White "Goryachkina, Aleksandra"]
[Black "Galojan, Lilit"]
[Result "1/2-1/2"]
[WhiteTitle "WGM"]
[BlackTitle "IM"]
[WhiteElo "2474"]
[BlackElo "2275"]
[WhiteFideId "4147103"]
[BlackFideId "13301314"]
[EventDate "2015.05.19"]

1. Nf3 Nf6 2. g3 b5 3. Bg2 Bb7 4. O-O e6 5. d3 d6 6. c3 Nbd7 7. a4 a6 8. axb5
axb5 9. Rxa8 Qxa8 10. Na3 c6 11. Bd2 d5 12. Nc2 Be7 13. Nfd4 O-O 14. Qa1 Re8 15.
f4 Qxa1 16. Rxa1 Ra8 17. Kf1 Bc5 18. Rxa8+ Bxa8 19. b4 Bb6 20. Be3 Kf8 21. h3
Ke7 22. g4 Ne8 23. Na1 f6 24. Nab3 e5 25. fxe5 fxe5 26. Bg5+ Kf7 27. Nf3 h6 28.
Bd2 Nef6 29. Nh4 Ng8 30. Nf5 Ne7 31. Nxe7 Kxe7 32. Bf3 Kd6 33. g5 hxg5 34. Bxg5
c5 35. bxc5+ Nxc5 36. Nxc5 Bxc5 37. h4 Bc6 38. h5 Be8 39. h6 gxh6 40. Bxh6 Bf7
41. Bf8+ 1/2-1/2

[Event "16th ch-EUR Indiv w 2015"]
[Site "Chakvi GEO"]
[Date "2015.05.24"]
[Round "6.12"]
[White "Ovod, Evgenija"]
[Black "Galliamova, Alisa"]
[Result "0-1"]
[WhiteTitle "IM"]
[BlackTitle "IM"]
[WhiteElo "2320"]
[BlackElo "2478"]
[WhiteFideId "4131827"]
[BlackFideId "4129725"]
[EventDate "2015.05.19"]

1. c4 e5 2. g3 Nf6 3. Bg2 d5 4. cxd5 Nxd5 5. Nc3 Nb6 6. Nf3 Nc6 7. O-O Be7 8. b3
O-O 9. Bb2 Re8 10. Rc1 Bf8 11. d3 Nd4 12. e3 Nxf3+ 13. Bxf3 c6 14. Qe2 Bf5 15.
Rfd1 Qe7 16. e4 Bh3 17. Bg4 Bxg4 18. Qxg4 Rad8 19. Ne2 Rd7 20. f4 f6 21. f5 Na8
22. Qf3 Nc7 23. g4 a5 24. Rc4 Na6 25. Kf1 Nb8 26. Ng3 Red8 27. Ke2 b5 28. Rc2
Na6 29. Rcd2 Nb4 30. Ba3 Qf7 31. Bxb4 Bxb4 32. Rc2 Rd6 33. Nh1 Qa7 34. Qe3 Qa6
35. g5 a4 36. gxf6 Rxf6 37. Nf2 axb3 38. axb3 Rfd6 39. Rg1 c5 40. Qg3 Qa7 41.
Qxe5 Qf7 42. Rg3 R6d7 43. Ng4 Kh8 44. Qe6 Qxe6 45. fxe6 Re7 46. Ne5 Ra8 47. Nc6
Rxe6 48. Nxb4 cxb4 49. Rg5 Rh6 50. Ke3 Rf8 51. Rxb5 Rh3+ 52. Kd4 h5 53. Rd5 Kh7
54. Rg2 Rf7 55. Kc4 Rb7 56. e5 Re3 57. Kd4 Re1 58. Rd6 h4 59. Rg4 Rb1 60. Rxh4+
Kg8 61. Kd5 Rxb3 62. Rd8+ Kf7 63. Kc6 Re7 64. Rf4+ Kg6 65. d4 Rc3+ 66. Kd6 Ra7
67. Rb8 b3 68. Rb6 Kg5 69. Rf8 Rd3 70. h4+ Kxh4 71. d5 Ra5 72. Ke7 Rdxd5 73.
Rf4+ Kg5 74. Rfb4 Rxe5+ 75. Kf7 Ra7+ 76. Kf8 Rc5 77. Rb8 Kh5 78. Rxb3 g5 79. Rb1
g4 80. Rh1+ Kg5 81. Kg8 Rac7 82. Rb3 Rd5 83. Rb8 g3 84. Rg1 Kg4 85. Kh8 Kh3 86.
Rh1+ Kg2 87. Rh6 Rd2 88. Rg8 Rcd7 89. Rhg6 Kh1 90. Rh6+ Rh2 91. Rxh2+ Kxh2 92.
Rg6 g2 93. Rh6+ Kg1 94. Rf6 Rd3 95. Kg7 Kh2 0-1

[Event "16th ch-EUR Indiv w 2015"]
[Site "Chakvi GEO"]
[Date "2015.05.24"]
[Round "6.13"]
[White "Paehtz, Elisabeth"]
[Black "Mammadzada, Gunay"]
[Result "1-0"]
[WhiteTitle "IM"]
[BlackTitle "WGM"]
[WhiteElo "2473"]
[BlackElo "2336"]
[WhiteFideId "4641833"]
[BlackFideId "13403729"]
[EventDate "2015.05.19"]

1. d4 d5 2. c4 c6 3. Nc3 Nf6 4. e3 e6 5. Nf3 Nbd7 6. Qc2 b6 7. Bd3 Bb7 8. b3 Qc7
9. Bb2 Be7 10. O-O Rd8 11. Rac1 Qb8 12. Rfd1 h6 13. Qe2 O-O 14. Bb1 Qa8 15. Ne5
dxc4 16. bxc4 c5 17. f4 Rfe8 18. Nb5 Qb8 19. d5 exd5 20. cxd5 a6 21. d6 axb5 22.
dxe7 Rxe7 23. Nxd7 Nxd7 24. Qg4 f6 25. Bf5 Qc7 26. Rd2 Nf8 27. Rxd8 Qxd8 28. Rd1
h5 29. Bh7+ Kh8 30. Qxh5 Qa8 31. Bd3+ Kg8 32. Bxb5 Qxa2 33. Qe2 Re4 34. Bd3 Rb4
35. Bc3 Qxe2 36. Bxe2 Re4 37. Kf2 Re7 38. Rd8 g6 39. Bxf6 1-0

[Event "16th ch-EUR Indiv w 2015"]
[Site "Chakvi GEO"]
[Date "2015.05.24"]
[Round "6.14"]
[White "Ushenina, Anna"]
[Black "Fataliyeva, Ulviyya"]
[Result "1/2-1/2"]
[WhiteTitle "GM"]
[BlackTitle "WIM"]
[WhiteElo "2467"]
[BlackElo "2331"]
[WhiteFideId "14110911"]
[BlackFideId "13403052"]
[EventDate "2015.05.19"]

1. d4 e6 2. g3 Nf6 3. Bg2 d5 4. c4 Bb4+ 5. Nc3 O-O 6. Nf3 dxc4 7. O-O Nbd7 8.
Qc2 c5 9. dxc5 Bxc5 10. Na4 Qc7 11. Nxc5 Qxc5 12. Be3 Qc7 13. Rfc1 Nd5 14. Bd4
N7b6 15. b3 c3 16. e4 Nb4 17. Qe2 c2 18. a3 Nc6 19. Bc5 Re8 20. e5 Nd7 21. Bd6
Qb6 22. Qxc2 f6 23. exf6 Nxf6 24. Bc5 Qc7 25. Ng5 Qe5 26. Nf3 Qh5 27. Qc4 Bd7
28. b4 Rac8 29. Qb3 Kh8 30. Nd2 b6 31. Be3 e5 32. Nc4 Be6 33. Qb2 Ng4 34. h3
Nxe3 35. fxe3 Bxc4 36. Rxc4 Ne7 37. Re4 Ng8 38. Kh2 Nf6 39. Rh4 Qg5 40. Qb3 Red8
41. Ra2 b5 42. Rf2 Qg6 43. Qe6 Re8 44. Qb3 Re7 45. a4 a6 46. axb5 axb5 47. Rd2
Qf7 48. Qd1 Qf8 49. Rd6 g5 50. Rh5 Nxh5 51. Qxh5 Rg7 52. Qd1 g4 53. h4 Rgc7 54.
Qd5 Re7 55. Qxb5 Kg7 56. Qd5 Qf7 57. Qe4 Rc4 58. Qb1 Rec7 59. Rd2 Qe7 60. b5 Rb4
61. Rb2 Rcc4 62. b6 Rxb2 63. Qxb2 Rb4 64. Qe2 h5 65. Qa6 e4 66. Qa5 Kh6 67. Qa8
Rxb6 68. Bxe4 Kg7 69. Qd5 Rb4 70. Bg2 Kh6 71. Qd2 Rb6 72. Qc3 Qf6 73. Qc5 Rb2
74. Qd5 Rf2 75. Kh1 Rf5 76. Qa8 Qe5 77. Kh2 Rf7 78. Qc6+ Kg7 79. Qc1 Rc7 80. Qd2
Rc3 81. Qd7+ Kh6 82. Qd8 Rxe3 83. Qf8+ Kg6 84. Qg8+ Qg7 85. Qd5 Qe7 86. Qg8+ Kf5
87. Qd5+ Re5 88. Qg8 Re3 89. Qd5+ Kg6 90. Qg8+ Qg7 91. Qd5 Qe5 92. Qg8+ Kf6 93.
Qf8+ Ke6 94. Qe8+ Kd6 95. Qc6+ Ke7 96. Qb7+ Kf6 97. Qc6+ Kg7 98. Qd7+ Kh6 99.
Qc6+ Qe6 100. Qc5 Re5 101. Qc1+ Kh7 102. Qc2+ Kg7 103. Qc3 Qd6 104. Qc1 Kf6 105.
Qh6+ Ke7 106. Qg7+ Kd8 107. Qg8+ Kc7 108. Qf7+ Kb6 109. Qb3+ Rb5 110. Qe3+ Ka5
111. Qc3+ Rb4 112. Qa3+ Kb6 113. Qe3+ Qc5 114. Qe6+ Kc7 115. Qf7+ Kd8 116. Qf6+ 1/2-1/2

[Event "16th ch-EUR Indiv w 2015"]
[Site "Chakvi GEO"]
[Date "2015.05.24"]
[Round "6.15"]
[White "Stetsko, Lanita"]
[Black "Mkrtchian, Lilit"]
[Result "0-1"]
[WhiteTitle "FM"]
[BlackTitle "IM"]
[WhiteElo "2286"]
[BlackElo "2459"]
[WhiteFideId "13505300"]
[BlackFideId "13300601"]
[EventDate "2015.05.19"]

1. e4 c5 2. Nf3 e6 3. d4 cxd4 4. Nxd4 a6 5. Nc3 Qc7 6. Bd3 Nf6 7. Qe2 d6 8. f4
Nbd7 9. Nb3 b5 10. a3 Bb7 11. O-O Be7 12. Kh1 O-O 13. Bd2 Rac8 14. Rae1 e5 15.
Rf3 Rfe8 16. Rh3 Nb6 17. fxe5 dxe5 18. Bg5 Nc4 19. Bxf6 Bxf6 20. Bxc4 bxc4 21.
Nd2 g6 22. Nf1 Bg7 23. Ne3 Qc5 24. Rd1 a5 25. Qg4 h5 26. Qe2 Red8 27. Rf1 Rd4
28. Qf3 Rf8 29. g4 hxg4 30. Nxg4 Qc6 31. Nd5 Qxd5 32. exd5 Bxd5 33. Ne3 Bxf3+
34. Rhxf3 f5 35. c3 Re4 36. Nd5 Rd8 37. Ne7+ Kf7 38. Nc6 Rd2 39. R3f2 Rd5 40. a4
Bf8 41. Rg2 Rh4 42. Rfg1 Rh6 43. Re1 Kf6 44. Rgg1 Rh3 45. Rg3 Rxg3 46. hxg3 Bd6
47. Re2 Bc7 48. Kg2 Bb6 49. Nb8 Rd6 50. Na6 e4 51. b3 cxb3 52. Rb2 Be3 0-1